000 00474nam a22001817a 4500
003 LK-CoDNM
005 20250127153516.0
008 250127b |||||||| |||| 00| 0 eng d
040 _aLK-CoDNM
_dLK-CoDNM
_eLK-CoDNM
041 _aeng
080 _a13
_bI28
100 _aChild,Charles M.
245 _aPhysiological foundations of behavior
260 _aNewyork
_bHenry Holt and company
_c1924
300 _axii,330p. : ill ; 22 cm
650 _aAnimals
942 _cBK
999 _c237491
_d237491